Hodnotenie úrovne nákladov vo vybranom podniku bakalárska práca

Gespeichert in:
Bibliographische Detailangaben
1. Verfasser: Rada, Samuel
Körperschaft: Fakulta podnikového manažmentu EU. Katedra podnikovohospodárska
Weitere Verfasser: Trúchliková, Mária, 1991-
Format: Buch
Sprache:Slowakisch
Veröffentlicht: Bratislava 2023
Tags: Tag hinzufügen
Keine Tags, Fügen Sie das erste Tag hinzu!

MARC

LEADER 00000nbm a2200000 4500
001 0293536
005 20240417141958.6
041 0 |a slo 
044 |a SK 
245 1 0 |a Hodnotenie úrovne nákladov vo vybranom podniku  |b bakalárska práca  |c Samuel Rada ; školiteľ: Mária Trúchliková 
264 1 |a Bratislava  |c 2023 
300 |a 46 s. 
100 1 |a Rada, Samuel 
700 1 |a Trúchliková, Mária, 1991- 
710 2 |a Fakulta podnikového manažmentu EU. Katedra podnikovohospodárska